UM Logo

Biotechnology a key to food security/ (Record no. 10145)

MARC details
000 -LEADER
fixed length control field 00361nam a2200121 4500
008 - FIXED-LENGTH DATA ELEMENTS--GENERAL INFORMATION
fixed length control field 180803b ||||| |||| 00| 0 eng d
100 ## - MAIN ENTRY--PERSONAL NAME
9 (RLIN) 29944
Personal name Perez, Ace June Rell S.
245 ## - TITLE STATEMENT
Title Biotechnology a key to food security/
Statement of responsibility, etc. Ace June Rell S. Perez
260 ## - PUBLICATION, DISTRIBUTION, ETC. (IMPRINT)
Place of publication, distribution, etc. Davao City
Name of publisher, distributor, etc. Sun Star Davao
Date of publication, distribution, etc. c2017
300 ## - PHYSICAL DESCRIPTION
Extent page 8.
650 #0 - SUBJECT ADDED ENTRY--TOPICAL TERM
9 (RLIN) 29945
Topical term or geographic name as entry element Food.
942 ## - ADDED ENTRY ELEMENTS (KOHA)
Source of classification or shelving scheme Dewey Decimal Classification
Koha item type Periodicals
Holdings
Withdrawn status Lost status Source of classification or shelving scheme Damaged status Not for loan Collection code Home library Current library Date acquired Total Checkouts Date last seen Price effective from Koha item type Public note
    Dewey Decimal Classification     Periodicals UM Digos College - LIC UM Digos College - LIC 08/03/2018   08/03/2018 08/03/2018 Periodicals Newspaper Clippings